America's Next Top Model all contestants (alphabetical order) - Statistics

General Stats
  • This quiz has been taken 59 times
  • The average score is 183 of 326
Answer Stats
letter cycle name % Correct
A 3 | 15 Ann
100%
A 2 Anna
100%
E 3 Eva
93%
J 13 Jennifer
93%
L 5 | 9 | 13 | 17 Lisa
93%
S 2 | 6 | 15 | 16 Sara
93%
S 4 | 5 | 8 | 9 Sarah
93%
L 13 | 17 | 18 | 19 Laura
87%
N 12 Natalie
87%
N 8 Natasha
87%
S 8 | 11 Samantha
87%
A 3 | 7 Amanda
80%
B 9 | 13 | 17 | 20 Bianca
80%
C 2 | 17 Camille
80%
C 12 Celia
80%
C 15 Chris
80%
E 1 | 5 | 9 Ebony
80%
G 6 Gina
80%
H 11 | 16 Hannah
80%
J 12 | 14 Jessica
80%
K 10 Katarzyna
80%
K 1 Katie
80%
M 16 Molly
80%
N 1 | 3 | 5 | +2 others Nicole
80%
V 9 | 19 Victoria
80%
A 1 Adrianne
73%
A 10 | 12 | 17 Allison
73%
B 4 | 8 | 11 | +3 others Brittany
73%
C 4 | 24 Christina
73%
C 13 | 22 | 23 Courtney
73%
D 10 | 16 | 17 Dominique
73%
E 1 Elyse
73%
E 13 | 24 Erin
73%
G 1 Giselle
73%
J 15 Jane
73%
J 2 Jenascia
73%
J 3 Julie
73%
K 13 Kara
73%
K 5 | 10 Kim
73%
L 10 Lauren
73%
M 7 Megan
73%
M 4 | 7 Michelle
73%
N 4 Naima
73%
S 18 Sophie
73%
A 14 | 20 Alexandra
67%
A 2 April
67%
A 5 | 13 | 18 | 22 Ashley
67%
B 2 Bethany
67%
C 2 Catie
67%
E 11 Elina
67%
F 10 Fatima
67%
H 2 | 9 Heather
67%
I 23 India
67%
I 12 Isabella
67%
J 6 Jade
67%
J 8 Jaslene
67%
K 6 Kathy
67%
K 14 Krista
67%
K 3 Kristi
67%
M 9 Mila
67%
M 7 | 16 Monique
67%
R 4 Rebecca
67%
R 1 Robin
67%
S 12 | 24 Sandra
67%
T 4 Tiffany
67%
W 8 | 10 Whitney
67%
W 21 Will
67%
A 10 Aimee
60%
A 7 A.J.
60%
A 16 | 17 Alexandria
60%
A 12 Aminat
60%
A 10 Anya
60%
B 6 | 7 Brooke
60%
C 5 | 8 Cassandra
60%
C 3 Cassie
60%
C 18 Catherine
60%
C 11 Clark
60%
D 6 Danielle
60%
D 8 Diana
60%
E 15 Esther
60%
J 8 Jael
60%
K 15 | 17 Kayla
60%
K 3 Kelle
60%
K 15 Kendal
60%
K 5 | 18 | 23 Kyle
60%
L 3 Leah
60%
L 15 | 24 Liz
60%
M 19 Maria
60%
M 11 McKey
60%
M 2 Mercedes
60%
M 6 Mollie Sue
60%
N 5 Nik
60%
N 20 Nina
60%
R 13 Rachel
60%
S 2 Shandi
60%
S 1 | 17 Shannon
60%
W 6 Wendy
60%
X 2 Xiomara
60%
A 21 Adam
53%
A 13 Amber
53%
A 10 Amis
53%
A 14 | 17 Angelea
53%
A 22 Ava
53%
B 16 Brittani
53%
C 10 Claire
53%
D 5 Diane
53%
D 8 Dionne
53%
I 11 | 17 Isis
53%
J 9 Janet
53%
J 6 Joanie
53%
J 20 Jourdan
53%
K 8 Kathleen
53%
K 21 Keith
53%
K 1 Kesse
53%
K 9 Kimberly
53%
K 19 Kristin
53%
L 6 Leslie
53%
L 12 London
53%
M 3 Magdalena
53%
M 11 Marjorie
53%
M 7 Megg
53%
M 20 Mike
53%
N 4 Noelle
53%
N 3 Norelle
53%
N 22 Nyle
53%
S 9 Saleisha
53%
T 4 | 23 Tatiana
53%
T 15 Terra
53%
T 1 Tessa
53%
T 12 Teyona
53%
T 3 Toccara
53%
Y 3 Yaya
53%
Y 2 Yoanna
53%
Y 19 Yvonne
53%
A 18 Alisha
47%
A 11 Analeigh
47%
A 15 Anamaria
47%
A 7 Anchal
47%
B 21 Ben
47%
B 5 | 17 Bre
47%
B 4 Brita
47%
C 18 Candace
47%
C 7 CariDee
47%
C 9 Chantal
47%
C 15 Chelsey
47%
C 7 Christian
47%
C 20 Cory
47%
D 21 Denzel
47%
F 8 Felicia
47%
F 12 Fo
47%
G 14 Gabrielle
47%
J 16 Jaclyn
47%
J 7 Jaeda
47%
J 5 Jayla
47%
J 3 Jennipher
47%
J 20 Jeremy
47%
K 4 Keenyah
47%
L 22 Lacey
47%
L 15 Lexie
47%
L 4 Lluvy
47%
M 23 Marissa
47%
N 6 Nnenna
47%
R 14 Raina
47%
R 14 Ren
47%
S 11 | 17 Sheena
47%
S 10 Stacy-Ann
47%
S 13 Sundai
47%
T 23 Tash
47%
A 14 Alasia
40%
A 9 Ambreal
40%
A 16 Angelia
40%
A 18 AzMarie
40%
B 22 Bello
40%
C 5 Coryn
40%
D 19 Destiny
40%
D 22 Devin
40%
D 22 Dustin
40%
E 18 Eboni
40%
E 7 Eugena
40%
F 6 Furonda
40%
G 23 Giah
40%
I 21 Ivy
40%
J 9 Jenah
40%
J 19 Jessie
40%
J 11 Joslyn
40%
J 22 Justin
40%
K 4 Kahlen
40%
K 20 Kanani
40%
K 6 | 21 Kari
40%
K 19 Kiara
40%
K 12 Kortnie
40%
L 11 Lauren Brie
40%
L 18 Louise
40%
M 10 Marvita
40%
M 21 Matthew
40%
M 7 Melrose
40%
M 16 Mikaela
40%
N 19 Nastasia
40%
N 11 Nikeysha
40%
O 16 Ondrei
40%
R 8 | 20 Renee
40%
R 15 Rhianna
40%
S 14 Simone
40%
A 14 Anslee
33%
A 10 Atalya
33%
B 4 Brandy
33%
C 20 Chris H
33%
C 20 Chris S
33%
C 23 Cody
33%
D 20 Don
33%
J 20 Jiana
33%
K 24 Kyla
33%
L 19 Leila
33%
L 21 Lenox
33%
L 24 Liberty
33%
M 22 Mamé
33%
M 20 Marvin
33%
M 22 Mikey
33%
M 21 Mirjana
33%
N 14 Naduah
33%
P 23 Paige
33%
R 13 Rae
33%
R 21 Romeo
33%
S 11 Sharaun
33%
S 22 Stefano
33%
A 19 Allyssa
27%
A 18 Annaliese
27%
B 23 Binta
27%
B 14 Brenda
27%
C 21 Chantelle
27%
C 20 Chlea
27%
C 23 Cory Anne
27%
C 24 Coura
27%
D 16 Dalya
27%
H 22 Hadassah
27%
I 24 Ivana
27%
J 18 Jasmia
27%
J 24 Jeana
27%
J 23 Justine
27%
K 15 Kacey
27%
L 13 Lulu
27%
M 24 Maggie
27%
N 12 Nijah
27%
P 20 Phil
27%
R 21 Raelia
27%
R 24 Rio
27%
S 18 Seymone
27%
S 24 Shanice
27%
S 21 Shei
27%
T 14 Tatianna
27%
B 24 Brendi K
20%
C 23 Cherish
20%
D 19 Darian
20%
D 22 Delanie
20%
K 16 Kasia
20%
K 24 Khrystyana
20%
M 18 Mariah
20%
R 24 Rhiyan
20%
T 12 Tahlia
20%
K 23 Krislian
13%
No matching quizzes found
Score Distribution
Percent of People with Each Score
Percentile by Number Answered
Your Score History
You have not taken this quiz